00326nam a2200157Ia 4500003000900000008004100009040001300050040001300063041000800076100001900084245003100103250001100134260000900145300000800154490000600162IT-RoPAU120407s9999 xx 000 0 und d aIT-RoPAU cIT-RoPAU aita aGiovanni Locke aSaggio sul governo civile. aNapoli c1956 c cm v1